[Event "Tuzla op 16th"]
[Site "Tuzla"]
[Date "2022.11.26"]
[Round "4"]
[White "Imamovic, Smail"]
[Black "Music, Edin"]
[Result "1-0"]
[WhiteElo "1906"]
[BlackElo "1621"]
[PlyCount "65"]
[EventDate "2022.11.24"]
[EventType "swiss"]
[EventRounds "7"]
[EventCountry "BIH"]
[SourceTitle "CBM 211 Extra"]
[Source "ChessBase"]
[SourceDate "2023.01.31"]
[SourceVersion "1"]
[SourceVersionDate "2023.01.31"]
[SourceQuality "1"]

1. e4 c5 2. Nf3 d6 3. Bc4 Nf6 4. Nc3 e6 5. d3 Be7 6. 0-0 0-0 7. Ng5 Nc6 8. f4 a6 9. a4 Nd4 10. Nf3 d5 11. Ba2 dxe4 12. dxe4 b6 13. e5 Nd5 14. Nxd5 exd5 15. Nxd4 cxd4 16. Qf3 Bb7 17. Bd2 f5 18. c4 dxc3 19. Bxc3 b5 20. axb5 axb5 21. Rfd1 Kh8 22. Bd4 Ra4 23. Bb3 Rxd4 24. Rxd4 Bc5 25. Rad1 Qb6 26. Qd3 b4 27. Kh1 Bxd4 28. Qxd4 Qb5 29. h3 Rd8 30. Bc4 Qc6 31. Bd3 Rf8 32. Qxb4 d4 33. Qxf8# 1-0

[Event "Tuzla op 16th"]
[Site "Tuzla"]
[Date "2022.11.25"]
[Round "2"]
[White "Hutinovic, Halim"]
[Black "Music, Edin"]
[Result "1/2-1/2"]
[WhiteElo "2023"]
[BlackElo "1621"]
[PlyCount "82"]
[EventDate "2022.11.24"]
[EventType "swiss"]
[EventRounds "7"]
[EventCountry "BIH"]
[SourceTitle "CBM 211 Extra"]
[Source "ChessBase"]
[SourceDate "2023.01.31"]
[SourceVersion "1"]
[SourceVersionDate "2023.01.31"]
[SourceQuality "1"]

1. d4 d5 2. Nf3 Nf6 3. c4 c6 4. Nc3 e6 5. Bg5 h6 6. Bh4 Be7 7. e3 Nbd7 8. Bd3 0-0 9. 0-0 dxc4 10. Bxc4 c5 11. h3 a6 12. a4 cxd4 13. exd4 Nb6 14. Be2 Bd7 15. Ne5 Nbd5 16. Qb3 Bc6 17. Nxc6 bxc6 18. Qc4 Qb6 19. Rfb1 a5 20. Bg3 Nb4 21. Rd1 Rfd8 22. Rac1 Rac8 23. Bf3 Nfd5 24. Nxd5 cxd5 25. Qxc8 Rxc8 26. Rxc8+ Kh7 27. Rc7 Bf6 28. Rxf7 Bxd4 29. b3 Bf6 30. Rc1 Nc6 31. Bc7 Qb7 32. Bh5 Qa6 33. g3 Nd4 34. Rc5 Nxb3 35. Rb5 Nd4 36. Rxa5 Qd3 37. Ra8 Qb1+ 38. Kg2 Qe4+ 39. Kg1 Qb1+ 40. Kg2 Qe4+ 41. Kg1 Qb1+ 1/2-1/2

[Event "BIH-chT1A 28th"]
[Site "Mostar"]
[Date "2021.08.10"]
[Round "8.3"]
[White "Softic, Kasim"]
[Black "Music, Edin"]
[Result "1/2-1/2"]
[WhiteElo "1797"]
[BlackElo "1574"]
[PlyCount "121"]
[EventDate "2021.08.06"]
[EventType "team-tourn"]
[EventRounds "9"]
[EventCountry "BIH"]
[SourceTitle "CBM 203 Extra"]
[Source "ChessBase"]
[SourceDate "2021.09.30"]
[SourceVersion "1"]
[SourceVersionDate "2021.09.30"]
[SourceQuality "1"]
[WhiteTeam "Gnojnica Lukavac Imel"]
[BlackTeam "Gracanica"]
[WhiteTeamCountry "BIH"]
[BlackTeamCountry "BIH"]

1. e4 c5 2. Nf3 d6 3. d4 cxd4 4. Nxd4 Nf6 5. Nc3 a6 6. Be3 e5 7. Nb3 Be6 8. Be2 Be7 9. 0-0 Nbd7 10. Kh1 Qc7 11. f3 0-0 12. Qd2 b5 13. a3 Nb6 14. Rac1 Nc4 15. Bxc4 bxc4 16. Na1 Rac8 17. Bg5 Rfd8 18. Bxf6 Bxf6 19. Nd5 Bxd5 20. Qxd5 Bg5 21. Rcd1 Qe7 22. Qa5 Qb7 23. Qc3 Bf4 24. g3 Bg5 25. Rd5 Qb6 26. Kg2 Be3 27. Qb4 Qxb4 28. axb4 c3 29. bxc3 Rxc3 30. Rd3 Bd4 31. Rxc3 Bxc3 32. Rb1 Rb8 33. b5 axb5 34. Nb3 Kf8 35. Kf2 Rc8 36. Ke2 Ke7 37. Nc1 b4 38. Na2 Rc4 39. Kf1 Ke6 40. Kg2 f5 41. exf5+ Kxf5 42. Kf1 g5 43. Ke2 g4 44. fxg4+ Kxg4 45. Nxc3 bxc3 46. Kd3 d5 47. Rb5 Rd4+ 48. Kxc3 Kf3 49. Rb6 Rc4+ 50. Kb3 e4 51. Rb5 Rd4 52. Kc3 Rd1 53. Rb7 e3 54. Rxh7 e2 55. Rf7+ Kg2 56. Re7 e1Q+ 57. Rxe1 Rxe1 58. g4 Kxh2 59. Kd4 Re4+ 60. Kxd5 Rxg4 61. c4 1/2-1/2

[Event "BIH-chT1A 28th"]
[Site "Mostar"]
[Date "2021.08.08"]
[Round "4.4"]
[White "Music, Edin"]
[Black "Patkovic, Vahdet"]
[Result "0-1"]
[WhiteElo "1574"]
[BlackElo "2035"]
[PlyCount "36"]
[EventDate "2021.08.06"]
[EventType "team-tourn"]
[EventRounds "9"]
[EventCountry "BIH"]
[SourceTitle "CBM 203 Extra"]
[Source "ChessBase"]
[SourceDate "2021.09.30"]
[SourceVersion "1"]
[SourceVersionDate "2021.09.30"]
[SourceQuality "1"]
[WhiteTeam "Gracanica"]
[BlackTeam "Zenica Preporod"]
[WhiteTeamCountry "BIH"]
[BlackTeamCountry "BIH"]

1. e4 c5 2. Nf3 d6 3. d4 cxd4 4. Nxd4 a6 5. Nc3 Nf6 6. h3 g6 7. Be3 Bg7 8. Be2 0-0 9. a4 Nbd7 10. 0-0 Nc5 11. f3 Bd7 12. Qd2 Rc8 13. Rfd1 Qb6 14. Nb3 Nxb3 15. Bxb6 Nxd2 16. Rxd2 Be6 17. Bd4 Bc4 18. Rad1 Bh6 0-1

[Event "BIH-chT1A 28th"]
[Site "Mostar"]
[Date "2021.08.06"]
[Round "1.2"]
[White "Karalic, Evel"]
[Black "Music, Edin"]
[Result "1/2-1/2"]
[WhiteElo "1908"]
[BlackElo "1574"]
[PlyCount "130"]
[EventDate "2021.08.06"]
[EventType "team-tourn"]
[EventRounds "9"]
[EventCountry "BIH"]
[SourceTitle "CBM 203 Extra"]
[Source "ChessBase"]
[SourceDate "2021.09.30"]
[SourceVersion "1"]
[SourceVersionDate "2021.09.30"]
[SourceQuality "1"]
[WhiteTeam "Zenica Celik"]
[BlackTeam "Gracanica"]
[WhiteTeamCountry "BIH"]
[BlackTeamCountry "BIH"]

1. e4 c5 2. Nc3 d6 3. g3 Nf6 4. Bg2 Nc6 5. Nge2 e6 6. 0-0 Be7 7. d3 0-0 8. f4 Qc7 9. h3 a6 10. g4 h6 11. Ng3 Nd7 12. g5 hxg5 13. fxg5 b5 14. Qh5 Nde5 15. Nce2 Bb7 16. Bd2 Rfd8 17. Rf2 g6 18. Qh4 Bf8 19. Raf1 Rd7 20. Nf4 Bg7 21. c3 Rad8 22. b3 a5 23. Be3 Re7 24. d4 cxd4 25. cxd4 Nd7 26. d5 Nce5 27. Rc1 Qb8 28. dxe6 fxe6 29. Rd2 Kf7 30. Nge2 Qa8 31. Qf2 Kg8 32. Rxd6 Bxe4 33. Bxe4 Qxe4 34. Ng3 Nf3+ 35. Kf1 Qe5 36. Rcd1 Nh4 37. Nge2 Nf5 38. Bb6 Nxd6 39. Bxd8 Rf7 40. Bc7 Ne4 41. Bxe5 Nxf2 42. Kxf2 Bxe5 43. Ke3 Nf8 44. Ke4 Bc7 45. Rc1 Kg7 46. Rc6 Re7 47. h4 Kf7 48. Ng3 Nh7 49. Nf1 Nf8 50. Ne3 Nd7 51. Rxc7 Nf6+ 52. gxf6 Rxc7 53. Ng4 Rc2 54. Nd3 Rxa2 55. Nde5+ Kg8 56. Nxg6 a4 57. N4e5 Re2+ 58. Kd3 Rf2 59. bxa4 bxa4 60. f7+ Rxf7 61. Nxf7 Kxf7 62. Nf4 e5 63. Ne2 Kg6 64. Ng3 e4+ 65. Nxe4 Kh5 1/2-1/2